000 00487nam a2200169Ia 4500
999 _c18990
_d18990
003 OSt
005 20200622104530.0
008 190216s9999||||xx |||||||||||||| ||und||
040 _coclc
082 _a954.025
_bSHA/M
100 _aSharma, S R
_92959
245 0 _aMughal Empire In India /
_cS R Sharma
250 _a1st Ed.
260 _bLakshmi Narain Agarwal Publications,
_c1971.
_aAgra:
300 _a528p
942 _cBK
_2ddc
_h954.025
_iSHA/M
_k954.025
_mSHA/M